Search the Library Catalogue
| 000 -LEADER | |
|---|---|
| fixed length control field | 00367nam a2200157 a 4500 |
| 008 - FIXED-LENGTH DATA ELEMENTS--GENERAL INFORMATION | |
| fixed length control field | 251025s2025##################000#0#eng## |
| 020 ## - INTERNATIONAL STANDARD BOOK NUMBER | |
| ISBN | 9788189975128 |
| 082 04 - DEWEY DECIMAL CLASSIFICATION NUMBER | |
| Classification number | 658.84 |
| Item number | DUP |
| 100 1# - MAIN ENTRY--AUTHOR NAME | |
| Personal name | Various, |
| 245 10 - TITLE STATEMENT | |
| Title | 1001 Advertising Tips : |
| 942 ## - ADDED ENTRY ELEMENTS (KOHA) | |
| Koha item type | English Books |
| Withdrawn status | Lost status | Damaged status | Not for loan | Home library | Current library | Shelving location | Date acquired | Full call number | Accession Number | Price effective from | Koha item type |
|---|---|---|---|---|---|---|---|---|---|---|---|
| Anna Centenary Library | Anna Centenary Library | 6TH FLOOR, B WING | 25.10.2025 | 658.84 DUP | 120403 | 25.10.2025 | English Books |